| 000 | 00543cab a2200205 4500 | ||
|---|---|---|---|
| 001 | X390 | ||
| 008 | 090401t1993 xxu||||| |||| 00| 0 eng d | ||
| 035 | _a(Sirsi) u65392 | ||
| 041 | _aeng | ||
| 245 | _aUnable to see the cabins for the trees | ||
| 260 | _c1993 | ||
| 350 | _a0 | ||
| 490 |
_aCS Monthly : Rural Practice _v2(4) January 1993, 7(1) |
||
| 650 | _aAREA OF OUTSTANDING NATIONAL BEAUTY | ||
| 650 | _aHOLIDAY ACCOMMODATION | ||
| 650 | _aLOG CABINS | ||
| 690 | _aPLANNING LAW AND PRACTICE | ||
| 942 | _n0 | ||
| 948 | _c04/03/1997 | ||
| 999 |
_c40774 _d40774 |
||